| 000 | 00780nam a2200217 a 4500 | ||
|---|---|---|---|
| 001 | 000042309 | ||
| 005 | 20201002040053.0 | ||
| 008 | 131122s2013 dr ab 000 p spa d | ||
| 020 | _a9789945165845 | ||
| 040 |
_aDO-SdBNP _bspa _cBNPHU |
||
| 082 |
_aRD861.44 _bP438L |
||
| 100 | 1 |
_aPérez-Inchaustegui, Josefina _955372 |
|
| 245 | 1 | 3 |
_aLa luz de Jesús - Dios : _bpoemas religiosos cristianos / _cJosefina Pérez-Inchaustegui. |
| 260 |
_aSanto Domingo : _bBúho, _c2013. |
||
| 300 |
_a71 p. : _bil., retrs. ; _c16 cm. |
||
| 500 | _aIncluye datos biográficos de la autora en la contracubierta. | ||
| 590 | _aInventariado, 2018/LP | ||
| 650 | 4 |
_aPoesía religiosa dominicana _924595 |
|
| 650 | 4 |
_aLiteratura religiosa dominicana _9573 |
|
| 910 | _aValidado. Control de calidad MFF | ||
| 999 |
_c41798 _d41798 |
||